书目信息 |
| 题名: |
大学英语分级同步测试
|
|
| 作者: | 李欣 , 田文杰 总主编 ;付小兰 , 刘燕 , 任君 本册主编 | |
| 分册: | 三级 | |
| 出版信息: | 北京 国防工业出版社 2007.09 |
|
| 页数: | 248页 | |
| 开本: | 26cm | |
| 丛书名: | ||
| 单 册: | ||
| 中图分类: | H319.6 | |
| 科图分类: | ||
| 主题词: | 英语--ying yu--高等学校--水平考试--习题 | |
| 电子资源: | ||
| ISBN: | 978-7-118-05330-2 | |
| 000 | 01245nam0 2200301 450 | |
| 001 | 012008457859 | |
| 005 | 20080116171310.92 | |
| 010 | @a978-7-118-05330-2@dCNY25.00 (含光盘) | |
| 100 | @a20080116d2007 em y0chiy0120 ea | |
| 101 | 0 | @achi@aeng |
| 102 | @aCN@b110000 | |
| 105 | @ay z 000yy | |
| 106 | @ar | |
| 200 | 1 | @a大学英语分级同步测试@Ada xue ying yu fen ji tong bu ce shi@h三级@d= College English praction tests band three@f李欣,田文杰主总主编@Fli xin,tian wen jie zhu zong zhu bian@g付小兰, 刘燕, 任君本册主编@Gfu xiao lan,liu yan,ren jun ben ce zhu bian@zeng |
| 210 | @a北京@c国防工业出版社@d2007.09 | |
| 215 | @a248页@d26cm@e光盘1片 | |
| 307 | @a光盘 ISBN: 978-7-88704-157-9 | |
| 330 | @a本书目的是为了适应新世纪大学英语教学改革的需要,实现大学英语教育创新能力的培养,侧重学生的动手能力和实际应用能力。 | |
| 510 | 1 | @aCollege English praction tests band three@zeng |
| 606 | 0 | @a英语@Aying yu@x高等学校@x水平考试@j习题 |
| 690 | @aH319.6@v4 | |
| 701 | 0 | @a李欣@Ali xin@4总主编 |
| 701 | 0 | @a田文杰@Atian wen jie@4总主编 |
| 702 | 0 | @a付小兰@Afu xiao lan@4本册主编 |
| 702 | 0 | @a刘燕@Aliu yan@4本册主编 |
| 702 | 0 | @a任君@Aren jun@4本册主编 |
| 801 | 0 | @aCN@bQSSK@c20080116 |
| 905 | @b279080-82@dH319.6@eL305:3@f3 | |
| 大学英语分级同步测试.三级= College English praction tests band three/李欣,田文杰主总主编/付小兰, 刘燕, 任君本册主编.-北京:国防工业出版社,2007.09 |
| 248页;26cm+光盘1片 |
| ISBN 978-7-118-05330-2:CNY25.00 (含光盘) |
| 本书目的是为了适应新世纪大学英语教学改革的需要,实现大学英语教育创新能力的培养,侧重学生的动手能力和实际应用能力。 |
| ● |
| 相关链接 |
|
|
|
正题名:大学英语分级同步测试
索取号:H319.6/L305:3
 
预约/预借
| 序号 | 登录号 | 条形码 | 馆藏地/架位号 | 状态 | 备注 |
| 1 | 279080 | 202790809 | 语言库209/209语言库 57排4列4层/ [索取号:H319.6/L305:3] | 在馆 | |
| 2 | 279081 | 202790818 | 语言库209/209语言库 57排4列4层/ [索取号:H319.6/L305:3] | 在馆 | |
| 3 | 279082 | 202790827 | 语言库209/209语言库 57排4列4层/ [索取号:H319.6/L305:3] | 在馆 |